000 00426nam a2200181Ia 4500
005 20250603145609.0
008 250603s9999 xx 000 0 und d
020 _a9780070172814
050 _aQA 76.73 .C154 B48/
100 _aBradley, Julia Case
245 0 _aProgramming in visual C# 2008
260 _aNew York
260 _bMcGraw Hill
260 _c2008
300 _a679 p
650 _aNew York
942 _cBK
999 _c42307
_d42307